000 00664nam a2200241Ia 4500
003 OSt
005 20220924131950.0
006 a|||||r|||| 00| 0
007 ta
008 220923b |||||||| |||| 00| 0 tel d
020 _c20.00
024 _a336501
037 _cTextual
040 _aARTS
_cARTS
_btel
041 _2tel
_atel
082 _a035,3NPR5,2, M5
100 _aSankar Pratapa Ravi Au.
_9203395
245 0 _aAgnata satruvu
260 _aVijayawada
_bSri mahalakshmi book enterprises
_c1985
650 _aTELUGU FICTION
942 _h035,3NPR5,2, M5
_cTEXL
_2CC
999 _c428789
_d428789